Green Day - Most Popular Songs - Statistics

General Stats
  • This quiz has been taken 933 times
  • The average score is 17 of 30
Answer Stats
Song % Correct
1. American Idiot
98%
3. Basket Case
94%
2. Boulevard of Broken Dreams
91%
8. Holiday
85%
5. 21 Guns
81%
9. Good Riddance (Time of Your Life)
81%
4. Wake Me Up When September Ends
81%
11. Jesus of Suburbia
79%
7. When I Come Around
77%
24. Brain Stew
75%
6. Longview
72%
14. Welcome to Paradise
72%
10. She
71%
18. Minority
59%
16. Warning
59%
13. Are We the Waiting / St. Jimmy
54%
12. Know Your Enemy
53%
17. Hitchin' a Ride
51%
21. Revolution Radio
47%
20. Bang Bang
45%
25. Jaded
42%
27. 21st Century Breakdown
41%
15. Oh Love
39%
23. Still Breathing
39%
22. Nice Guys Finish Last
35%
26. Kill the DJ
28%
19. Walking Contradiction
26%
29. Redundant
22%
28. Let Yourself Go
15%
30. Working Class Hero
4%
No matching quizzes found
Score Distribution
Percent of People with Each Score
Percentile by Number Answered
Your Score History
You have not taken this quiz